MARC details
| 000 -LEADER |
| fixed length control field |
01210cam a2200349 i 4500 |
| 001 - CONTROL NUMBER |
| control field |
200462254 |
| 003 - CONTROL NUMBER IDENTIFIER |
| control field |
TR-AnTOB |
| 005 - DATE AND TIME OF LATEST TRANSACTION |
| control field |
20240813110610.0 |
| 007 - PHYSICAL DESCRIPTION FIXED FIELD--GENERAL INFORMATION |
| fixed length control field |
ta |
| 008 - FIXED-LENGTH DATA ELEMENTS--GENERAL INFORMATION |
| fixed length control field |
080415s2007 tu 000 0 tur d |
| 020 ## - INTERNATIONAL STANDARD BOOK NUMBER |
| International Standard Book Number |
9789944630665 |
| 040 ## - CATALOGING SOURCE |
| Original cataloging agency |
DLC |
| Language of cataloging |
eng |
| Description conventions |
rda |
| Transcribing agency |
DLC |
| Modifying agency |
DLC |
| -- |
TR-AnTOB |
| 041 0# - LANGUAGE CODE |
| Language code of text/sound track or separate title |
Türkçe |
| 049 ## - LOCAL HOLDINGS (OCLC) |
| Holding library |
MAIN |
| 050 00 - LIBRARY OF CONGRESS CALL NUMBER |
| Classification number |
P92.T9 |
| Item number |
M88 2007 |
| 090 ## - LOCALLY ASSIGNED LC-TYPE CALL NUMBER (OCLC); LOCAL CALL NUMBER (RLIN) |
| Classification number (OCLC) (R) ; Classification number, CALL (RLIN) (NR) |
P92.T9 |
| Local cutter number (OCLC) ; Book number/undivided call number, CALL (RLIN) |
M88 2007 |
| 100 1# - MAIN ENTRY--PERSONAL NAME |
| Personal name |
Mutlu, Mustafa, |
| Dates associated with a name |
1952- |
| Relator term |
author |
| 9 (RLIN) |
15900 |
| 245 10 - TITLE STATEMENT |
| Title |
Kitle iletişiminde sorunlar ve sorumluluklar / |
| Statement of responsibility, etc. |
Dr. Mustafa Mutlu. |
| 250 ## - EDITION STATEMENT |
| Edition statement |
Birinci Basım. |
| 264 #1 - PRODUCTION, PUBLICATION, DISTRIBUTION, MANUFACTURE, AND COPYRIGHT NOTICE |
| Place of production, publication, distribution, manufacture |
Cağaloğlu-Fatih, İstanbul : |
| Name of producer, publisher, distributor, manufacturer |
Okumuş Adam Yayınları, |
| Date of production, publication, distribution, manufacture, or copyright notice |
2007. |
| 300 ## - PHYSICAL DESCRIPTION |
| Extent |
144 pages ; |
| Dimensions |
21 cm |
| 336 ## - CONTENT TYPE |
| Content type term |
text |
| Content type code |
txt |
| Source |
rdacontent |
| 337 ## - MEDIA TYPE |
| Media type term |
unmediated |
| Media type code |
n |
| Source |
rdamedia |
| 338 ## - CARRIER TYPE |
| Carrier type term |
volume |
| Carrier type code |
nc |
| Source |
rdacarrier |
| 490 0# - SERIES STATEMENT |
| Series statement |
Araştırma, inceleme ; |
| Volume/sequential designation |
24 |
| Series statement |
Okumuş adam yayınları ; |
| Volume/sequential designation |
73 |
| 504 ## - BIBLIOGRAPHY, ETC. NOTE |
| Bibliography, etc. note |
Includes bibliographical references. |
| 505 0# - FORMATTED CONTENTS NOTE |
| Formatted contents note |
Uluslararası iletişimde ABD ve Batı hegemonyası -- Gündem belirleme yaklaşımı -- Türkiye'de yerel basın ve sorunları. |
| 650 #7 - SUBJECT ADDED ENTRY--TOPICAL TERM |
| Topical term or geographic name entry element |
Kitle iletişim araçları |
| Geographic subdivision |
Türkiye |
| 9 (RLIN) |
12564 |
| Source of heading or term |
etuturkob |
|
| Topical term or geographic name entry element |
Gazetecilik |
| Geographic subdivision |
Türkiye |
| 9 (RLIN) |
12563 |
| Source of heading or term |
etuturkob |
| 942 ## - ADDED ENTRY ELEMENTS (KOHA) |
| Source of classification or shelving scheme |
Library of Congress Classification |
| Koha item type |
Book |